01937cam a2200337 i 450000100090000000300090000900500170001800800410003502000180007604000380009408200190013210000290015124500840018026400450026430000400030933600260034933700280037533800270040350000200043052007650045065000390121565000550125465000240130965000210133365300200135465500170137470000340139194200120142599900170143795201450145418111139EG-ScBUE20230226034454.0140410s2015 enka f 001 0 eng d a9782940411962 aDLCbengerdacDLCdDLCdEG-ScBUE04a741.6222bAMB1 aAmbrose, Gavin,eauthor.10aDesign genius :bthe ways and workings of creative thinkers /cAmbrose, Harris. 1aLondon ;aNew York :bBloomsbury,c2015. a352 pages :billustrations ;c28 cm 2rdacontentatextbtxt 2rdamediaaunmediatedbn 2rdacarrieravolumebnc aIncludes index. a"Design Genius celebrates the creative thought processes of several leading artists, designers, creative agencies, animators, illustrators and typographers. While highlighting key design techniques and theories, the visual curiosities presented in this book aim to engage, provoke and inspire.Whether you are new to design, or a seasoned expert, the many layers of information provided by this book mean it has something for everyone. Readers will delight in the visual and tactile effects of a number of subtle design features, as well as the vast array of illustrations on display. In-depth discussions with the creatives themselves as well as more practical design tips will also help you to discover the power of your own creative problem-solving skills"-- 7aGraphic design (Typography)2BUEsh 7aType and type-foundingxDigital techniques.2BUEsh 7aBook design.2BUEsh 7aPrinting.2BUEsh bGGENcApril2018 vReading book1 aHarris, Paul,d1971-eauthor. 2ddccBB c26490d26462 00102ddc40708AlahramaMAINbMAINc2NDd2018-04-11ePurchasel2m8o741.6 AMBp000047582r2025-10-12 00:00:00s2024-11-28w2018-04-11yBB